000 00729nam a2200205 4500
008 160910b xxu||||| |||| 00| 0 eng d
020 _a9-81405819-X
082 _22001
_aDC 005.1
_bD35c
100 _914344
_aDeitel, H. M.
245 _aVisual basic 6:
_bhow to program/
_cH. M. Dietel, P. J. Deitel and T. R. Nieto.
260 _aNew Jersey:
_bPrentice Hall,
_cc2001.
300 _aLi, 1015 pages:
_billustrations;
_c21 cm.
500 _aIncludes bibliographical references and index.
650 0 _914345
_aMicrosoft visual BASIC
650 0 _914347
_aBASIC (Computer program language)
700 _914348
_aDeitel, P. J.
_eAuthor
700 _914349
_aNieto, T. R.
_eAuthor
365 _aPhp
_b525.00
942 _2ddc
_cDC
999 _c4448
_d4448